|
|
|
|
| LEADER |
00000cam a2200000 7i4500 |
| 001 |
0000004553 |
| 005 |
20151222.0 |
| 008 |
070730 |
| 020 |
|
|
|a 184236412X
|
| 090 |
0 |
0 |
|a ENC
|b ENG (4260)
|
| 245 |
0 |
0 |
|a First A to Z encyclopedia :
|b Machines,Numbers
|
| 260 |
|
|
|a Miles Kelly Publishing
|
| 300 |
|
|
|a Volume 6
|
| 500 |
|
|
|a Children ages 7-9 years old (orange)
|
| 650 |
|
0 |
|a Encyclopedia
|
| 650 |
|
0 |
|a Junior fiction
|x English
|x Languages
|
| 999 |
|
|
|a 0001069931
|b Book
|c Children Collection
|e Cawangan Tmn. Ungku Tun Aminah
|
| 999 |
|
|
|a 0001077203
|b Book
|c REFERENCE
|e Cawangan Bandar Tenggara
|
| 999 |
|
|
|a 0001077209
|b Book
|c Children Collection
|e Cawangan Batu Pahat
|
| 999 |
|
|
|a 0001077216
|b Book
|c Children Collection
|e Cawangan Bandar Penawar
|
| 999 |
|
|
|a 0001132787
|b Book
|c Children Collection
|e Cawangan Batu Pahat
|
| 999 |
|
|
|a 0001132791
|b Book
|c REFERENCE
|e Cawangan Bandar Tenggara
|
| 999 |
|
|
|a 0001132793
|b Book
|c REFERENCE
|e Cawangan Tangkak
|
| 999 |
|
|
|a 0001132796
|b Book
|c Children Collection
|e Cawangan Bandar Penawar
|
| 999 |
|
|
|a 0001132799
|b Book
|c REFERENCE
|e Cawangan Segamat
|
| 999 |
|
|
|a 0001132800
|b Book
|c REFERENCE
|e Cawangan Bandar Tenggara
|
| 999 |
|
|
|a 0001132803
|b Book
|c Children Collection
|e Cawangan Bukit Gambir
|
| 999 |
|
|
|a 0001132896
|b Book
|c REFERENCE
|e Cawangan Tangkak
|